III Premi Josep M. Rueda i Palenzuela : 9 de febrer de 2004 9 de febrer de 2004
Descripción Física:
1 full ; 22 x 11 cm
Materias:
Benestar social -- Premis -- Catalunya
MARC
| LEADER | 00000nam a2200000Ia 4500 | ||
|---|---|---|---|
| 001 | 15981 | ||
| 008 | 160829s9999 xx 000 0 cat d | ||
| 080 | |a FU-41-32 | ||
| 110 | 1 | |a Barcelona (Catalunya : Província). |b Diputació |9 52408 | |
| 245 | |a III Premi Josep M. Rueda i Palenzuela : |b 9 de febrer de 2004 | ||
| 260 | |a [Barcelona] : |b Barcelona, Àrea de Benestar Social, [2004] | ||
| 300 | |a 1 full ; |c 22 x 11 cm | ||
| 590 | |a A la part superior: Diputació de Barcelona, Xarxa de Municipis, Àrea de Benestar Social. | ||
| 590 | |a Després del títol: Centre d'Estudis i Recursos Culturals de la Diputació de Barcelona | ||
| 650 | |a Benestar social |x Premis |x Catalunya |9 21906 | ||
| 710 | 1 | |a Barcelona (Catalunya : Província). |b Àrea de Benestar Social |9 52988 | |
| 901 | |a Arxiu | ||
| 942 | |n 1 | ||
| 952 | |0 0 |1 0 |4 0 |6 FU4132 |7 1 |9 48855 |a Arxiu |b Arxiu |d 2016-12-01 |l 0 |o FU-41-32 |p 15981 |r 2016-12-01 00:00:00 |w 2016-12-01 |y ARXIU | ||
| 999 | |c 52690 |d 52690 | ||